| 000 | 00427nam a22001577a 4500 | ||
|---|---|---|---|
| 005 | 20251108164358.0 | ||
| 008 | 250721s1996 xx 000 0 ara d | ||
| 082 | 1 | 4 | _a811.05/ناص |
| 100 | 1 | _aناصيف، إميل | |
| 245 | 1 | 0 | _aأروع ما قيل في الوصف / |
| 264 | 1 |
_aبيروت : _bدار الجيل، _c1996. |
|
| 300 | _a151ص. | ||
| 650 | 1 | 7 | _aالشعر العربي |
| 942 |
_2ddc _cBK |
||
| 999 |
_c10725 _d10725 |
||